Model Emergent Dynamics in Complex Systems /

Guardado en:
Detalles Bibliográficos
Autor principal: Roberts, Anthony John (Autor)
Formato: Libro
Lenguaje:inglés
Publicado: Philadelphia SIAM 2015
Colección:Mathematical Modeling and Computation
Materias:
Etiquetas: Agregar Etiqueta
Sin Etiquetas, Sea el primero en etiquetar este registro!

MARC

LEADER 00000nam a22000003a 4500
001 0022248
003 SK-STU
005 20170221092114.6
007 ta
008 170221s ----xo-----e------000-0-----d
020 |a 978-1-611973-55-6 
040 |a STU  |b slo 
041 0 |a eng 
044 |a xxu 
100 1 |a Roberts, Anthony John  |4 aut 
245 1 0 |a Model Emergent Dynamics in Complex Systems /  |c aut. Anthony John Roberts 
260 |a Philadelphia  |b SIAM  |c 2015 
300 |a 748 s. 
490 0 |a Mathematical Modeling and Computation 
650 0 7 |a matematické modelovanie 
650 0 7 |a teória zložitosti 
650 0 7 |a diferenciálne rovnice 
996 |b 284M087056  |c M* 13897-1  |l MMKN  |s A  |a 24  |w 0022248_0001